Central Library, Doon University
WEBOPAC (ONLINE PUBLIC ACCESS CATALOGUE)

SSC Maths CGL Warrior CGL (2023) CGL 92024) (Record no. 60918)

MARC details
000 -LEADER
fixed length control field 00480nam a22001937a 4500
005 - DATE & TIME
control field 20260529153531.0
008 - FIXED-LENGTH DATA ELEMENTS--GENERAL INFORMATION
fixed length control field 260529b |||||||| |||| 00| 0 eng d
020 ## - ISBN
International Standard Book Number 9789364684040
Price 300.00
040 ## - CATALOGING SOURCE
Original cataloging agency Doon University
041 ## - Language
Language English
082 ## - DDC NUMBER
Classification number 510.76
Book Number RAN
100 ## - MAIN ENTRY--PERSONAL NAME
Personal name Ranjan, Aditya
245 ## - TITLE STATEMENT
Title SSC Maths CGL Warrior CGL (2023) CGL 92024)
250 ## - EDITION STATEMENT
Edition statement 3rd
260 ## - PUBLICATION, DISTRIBUTION, ETC. (IMPRINT)
Place of publication, distribution, etc Noida
Name of publisher, distributor, etc A. Chand
Date of publication, distribution, etc 2025
300 ## - PHYSICAL DESCRIPTION
Pages 223
650 ## - Subject
Subject Competitive Books
942 ## - ADDED ENTRY ELEMENTS (KOHA)
Koha item type Books
100 ## - MAIN ENTRY--PERSONAL NAME
-- 26937
952 ## - LOCATION AND ITEM INFORMATION (KOHA)
-- 2026-05-29
Holdings
Withdrawn status Lost status Source of classification or shelving scheme Damaged status Not for loan Location (home branch) Sublocation or collection (holding branch) Date acquired Koha issues (times borrowed) Koha full call number Accession No. Koha date last seen Koha item type
          Doon University Doon University 29.05.2026   510.76 RAN CB884 29.05.2026 Books
Contact : +91-135-2533126 (Library),+91-135-2533105 (Admin Office) , Email : doonlibrary@gmail.com

Powered by Koha